| 000 | 00703nam a22002177a 4500 | ||
|---|---|---|---|
| 999 |
_c13524 _d13524 |
||
| 003 | AR-CdUCM | ||
| 008 | 190415b ||||| |||| 00| 0 spa d | ||
| 040 |
_aMUNICIPALIDAD PROVINCIAL DEL CUSCO _cBIBLIOTECA MUNICIPAL DEL CUSCO |
||
| 082 |
_aC / 170 / _bV61 |
||
| 100 |
_aVidal, Humberto _923976 |
||
| 245 | _aMoral y metafísica / | ||
| 260 | _aCusco : | ||
| 300 |
_a322 páginas ; _c17 cm. |
||
| 440 |
_aManuales de filosofía _931978 |
||
| 505 | _aContenido : Filosofía -- Metafísica -- Teoría del conocimiento -- ¿Es posible conocer? ... | ||
| 650 |
_aFilosofía _9395 |
||
| 650 |
_aConocimiento _95704 |
||
| 650 |
_aMetafísica _92817 |
||
| 942 |
_2ddc _cLIBROS |
||
| 945 |
_arah _d15/04/2019 |
||